000 00477nam a2200181Ia 4500
001 3103
005 20260306144856.0
008 260306t1985||||xx |||||||||||||| ||spa||
041 _aESP
082 _a251.67
_bZ58
100 _aZegarra López, Dante E.
_eAUT
245 0 _aMonasterio de Santa Catalina de Sena de Arequipa y Da. Ana de Monteagudo Priora
260 _c1985
300 _a551 páginas
_c24 cm.
650 _aGEN
654 _aCHU
942 _cLIB
_dJUS
_fJUS
_2ddc
_n
999 _c3103
_d3103